Introduction to management accounting / (Record no. 16369)

MARC details
000 -LEADER
fixed length control field 01048nam a22002894a 4500
005 - DATE AND TIME OF LATEST TRANSACTION
control field 20060322135206.0
008 - FIXED-LENGTH DATA ELEMENTS--GENERAL INFORMATION
fixed length control field 031212s2005 njua b 001 0 eng
010 ## - LCCN (DPL NO)
LC control number ENG-91214
020 ## - INTERNATIONAL STANDARD BOOK NUMBER
International Standard Book Number 978120335684
Terms of availability 595.00
035 ## - SYSTEM CONTROL NUMBER
System control number EN-74747
037 ## - SOURCE OF ACQUISITION
Source of stock number/acquisition DBAD / PUB
040 ## - CATALOGING SOURCE
Original cataloging agency dpl
Language of cataloging English
082 ## - DEWEY DECIMAL CLASSIFICATION NUMBER
Classification number 658.1511
245 ## - TITLE STATEMENT
Title Introduction to management accounting /
Statement of responsibility, etc by Charles T. Horngren...[et.al]
250 ## - EDITION STATEMENT
Edition statement 14th ed.
260 ## - PUBLICATION, DISTRIBUTION, ETC. (IMPRINT)
Place of publication, distribution, etc New Delhi
Name of publisher, distributor, etc Prentice Hall of India
Date of publication, distribution, etc 2008
270 ## - ADDRESS
Address M-97, Connaught Circus
City New Delhi
Postal code 110001
300 ## - PHYSICAL DESCRIPTION
Extent Various pagings
Dimensions 29 cm(pbk)
504 ## - BIBLIOGRAPHY, ETC. NOTE
Bibliography, etc Includes bibliographical references and index.
650 ## - SUBJECT ADDED ENTRY--TOPICAL TERM
Topical term or geographic name as entry element Managerial accounting.
700 ## - ADDED ENTRY--PERSONAL NAME
Personal name Sundem, Gary L.
700 ## - ADDED ENTRY--PERSONAL NAME
Personal name Stratton, William O.
700 ## - ADDED ENTRY--PERSONAL NAME
Personal name Burgstahler, David
700 ## - ADDED ENTRY--PERSONAL NAME
Personal name Schatzberg, Jeff
942 ## - ADDED ENTRY ELEMENTS (KOHA)
Source of classification or shelving scheme Dewey Decimal Classification
Item type English Books
Classification part 658.1511
Call number suffix INT
Holdings
Withdrawn status Lost status Source of classification or shelving scheme Damaged status Not for loan Collection code Home library Current library Date acquired Cost, normal purchase price Total Checkouts Full call number Barcode Date last seen Copy number Cost, replacement price Koha item type
    Dewey Decimal Classification   Not For Loan Non-fiction D.B.Act.Division D.B.Act.Division 08/10/2008 595.00   658.1511 INT EN-74747 08/10/2008 1 595.00 English Books

© Delhi Public Library
Hit Counter
free hit counter